[Event "VIE-ch U09"]
[Site "Ho Chi Minh City"]
[Date "2014.07.17"]
[Round "7"]
[White "Nguyen, Ngoc Minh"]
[Black "Le, Gia Vinh Thinh"]
[Result "1-0"]
[WhiteElo "1486"]
[BlackElo "1458"]
[PlyCount "50"]
[EventDate "2014.07.13"]
[EventType "swiss"]
[EventRounds "9"]
[EventCountry "VIE"]
[SourceTitle "EXT 2016"]
[Source "ChessBase"]
[SourceDate "2015.10.08"]
[SourceVersion "1"]
[SourceVersionDate "2015.10.08"]
[SourceQuality "1"]

1. d4 d5 2. Nf3 Nc6 3. c4 e6 4. Nc3 Nf6 5. Bg5 dxc4 6. e4 Be7 7. Bxc4 0-0 8. 0-0 Nd7 9. Bxe7 Qxe7 10. Qd2 Rd8 11. Qe3 Nb4 12. Rac1 Nb6 13. Bb3 c6 14. a3 Na6 15. Bc2 c5 16. Na4 Bd7 17. Nxc5 Qd6 18. Bb1 Nc4 19. Rxc4 Nxc5 20. dxc5 Qe7 21. Rd4 e5 22. Rd6 Be6 23. Nxe5 f5 24. Nf3 b5 25. b4 Bc4 1-0

[Event "VIE-ch U09"]
[Site "Ho Chi Minh City"]
[Date "2014.07.15"]
[Round "4"]
[White "Le, Gia Vinh Thinh"]
[Black "Nguyen, Hoang Minh"]
[Result "0-1"]
[WhiteElo "1458"]
[BlackElo "1487"]
[PlyCount "78"]
[EventDate "2014.07.13"]
[EventType "swiss"]
[EventRounds "9"]
[EventCountry "VIE"]
[SourceTitle "EXT 2016"]
[Source "ChessBase"]
[SourceDate "2015.10.08"]
[SourceVersion "1"]
[SourceVersionDate "2015.10.08"]
[SourceQuality "1"]

1. e4 c6 2. d4 d5 3. exd5 cxd5 4. Be3 Bf5 5. c4 dxc4 6. Bxc4 Nc6 7. d5 Nb4 8. Bb3 Nd3+ 9. Kf1 Nxb2 10. Qf3 g6 11. Bd4 Qc8 12. Bxb2 h5 13. Qe2 f6 14. Bxf6 Nxf6 15. d6 Qc1+ 16. Qd1 Qxd1+ 17. Bxd1 exd6 18. Nc3 Bg7 19. Bf3 Bd3+ 20. Nge2 Nd7 21. Bxb7 Bxc3 22. Rc1 Bb2 23. Rd1 Bxe2+ 24. Kxe2 Rb8 25. Bc6 Ba3 26. Rd3 Bc5 27. Rhd1 Rb6 28. Bxd7+ Kxd7 29. Rc3 Ke6 30. Re1 Kf6 31. Rf3+ Kg7 32. Kf1 Rf8 33. Rg3 Rxf2+ 34. Kg1 Rf7+ 35. Kh1 Bf2 36. Rd1 Bxg3 37. hxg3 Rf2 38. Ra1 Rbb2 39. Rg1 Rxa2 0-1

[Event "VIE-ch U09"]
[Site "Ho Chi Minh City"]
[Date "2014.07.13"]
[Round "2"]
[White "Le, Gia Vinh Thinh"]
[Black "Pham, Tu Khanh Hung"]
[Result "1-0"]
[WhiteElo "1458"]
[BlackElo "1507"]
[PlyCount "63"]
[EventDate "2014.07.13"]
[EventType "swiss"]
[EventRounds "9"]
[EventCountry "VIE"]
[SourceTitle "EXT 2016"]
[Source "ChessBase"]
[SourceDate "2015.10.08"]
[SourceVersion "1"]
[SourceVersionDate "2015.10.08"]
[SourceQuality "1"]

1. e4 e5 2. Nf3 Nc6 3. d4 exd4 4. Nxd4 Nf6 5. f3 Bd6 6. Nc3 0-0 7. f4 Re8 8. Nxc6 bxc6 9. e5 Bc5 10. Be2 a5 11. exf6 Qxf6 12. Qd3 Ba6 13. Qd2 Be3 14. Qxd7 Bxc1 15. Rxc1 Bxe2 16. Nxe2 Qxf4 17. Rd1 Qe3 18. Qd2 Qa7 19. Qd4 Qa6 20. Rd2 Rad8 21. Qxd8 Kf8 22. Qd3 Qb6 23. Qa3+ Kg8 24. Rf1 g6 25. Qf3 Re7 26. Rd8+ Kg7 27. Qf6+ Kh6 28. Rg8 Re4 29. Qg7+ Kg5 30. Qf6+ Kh6 31. Rf3 Qb5 32. Rh3+ 1-0

[Event "VIE-ch U09"]
[Site "Ho Chi Minh City"]
[Date "2014.07.13"]
[Round "1"]
[White "Thai, Duong Hoang"]
[Black "Le, Gia Vinh Thinh"]
[Result "0-1"]
[WhiteElo "1509"]
[BlackElo "1458"]
[PlyCount "54"]
[EventDate "2014.07.13"]
[EventType "swiss"]
[EventRounds "9"]
[EventCountry "VIE"]
[SourceTitle "EXT 2016"]
[Source "ChessBase"]
[SourceDate "2015.10.08"]
[SourceVersion "1"]
[SourceVersionDate "2015.10.08"]
[SourceQuality "1"]

1. e4 c5 2. d4 cxd4 3. Qxd4 Nc6 4. Qd1 Nf6 5. Nc3 e6 6. Nf3 d6 7. Bc4 Be7 8. 0-0 0-0 9. Bd2 Nb4 10. a3 d5 11. Ba2 Nxa2 12. Rxa2 dxe4 13. Ne1 b6 14. Qe2 g6 15. Nxe4 Nxe4 16. Qxe4 Ba6 17. Nd3 Qd7 18. Raa1 Rad8 19. Bc3 Bxd3 20. cxd3 Qxd3 21. Qxd3 Rxd3 22. h3 f5 23. Rad1 Rxd1 24. Rxd1 Bf6 25. Bxf6 Rxf6 26. Rd7 Rf7 27. Rxf7 Kxf7 0-1